| 000 | 003470000a22001570004500 | ||
|---|---|---|---|
| 001 | 004210 | ||
| 003 | MACL | ||
| 040 | _aMACL | ||
| 090 |
_c16203 _d16202 |
||
| 100 | _aRoy, S.N. | ||
| 245 |
_aHistorical & Cultural Studies In The Puranas _cS.N. Roy |
||
| 260 |
_aRaka Prakashan, _c2003 |
||
| 350 | _a300 | ||
| 650 | _aReligion | ||
| 942 |
_k295 _cBook |
||
| 999 |
_c16101 _d16101 |
||